Política cultural en el campo artístico, ¿confluencia de ideología, arte y política? /
Aborda el campo artístico y las funciones del arte, y las posiciones de Koprinarov, Yuri Borev, Kagan y otros pensandores. "El arte es concebido como la unión orgánica de lo cognoscitivo y de lo valorativo..., la interrelación del arte con otras de las manifestaciones"... (páginas 121-122)...
Tallennettuna:
| Päätekijä: | |
|---|---|
| Aineistotyyppi: | Tuntematon |
| Kieli: | Spanish |
| Aiheet: | |
| Tagit: |
Lisää tagi
Ei tageja, Lisää ensimmäinen tagi!
|
MARC
| LEADER | 00000 a2200000 4500 | ||
|---|---|---|---|
| 008 | 160210s201 cu ||||| |||| 00| b spa d | ||
| 022 | |a 0047-1542 | ||
| 040 | |a CIICLA - UCR | ||
| 041 | |a spa | ||
| 100 | 1 | |a Garcés Marrero, Roberto | |
| 245 | 1 | 0 | |a Política cultural en el campo artístico, ¿confluencia de ideología, arte y política? / |c Roberto Garcés Marrero |
| 300 | |a 120-131 páginas | ||
| 520 | |a Aborda el campo artístico y las funciones del arte, y las posiciones de Koprinarov, Yuri Borev, Kagan y otros pensandores. "El arte es concebido como la unión orgánica de lo cognoscitivo y de lo valorativo..., la interrelación del arte con otras de las manifestaciones"... (páginas 121-122) | ||
| 650 | 1 | 4 | |a POLITICA CULTURAL |
| 650 | 1 | 4 | |a ARTE Y SOCIEDAD |
| 773 | 0 | |w CSIC000119004 |x 0047-1542 |d Santa Clara (Cuba), : Universidad Central "Marta Abreu" de Las Villas, 1958-. |t Islas |g Volumen 55, número 173, mayo-agosto, 2013 |q 120-131 páginas | |
| 942 | |2 ddc |c ARC | ||
| 999 | |c 4577 |d 4577 | ||
